00389nam a2200145Ia 4500008004100000020001500041041000800056082001300064100002200077245008700099250000600186260002900192300000700221650001500228210716s1998 xx 000 0 und d a1560524847 aeng a658 KAUJ aKaufman, Jerry J. aValue management: creating competitive advantage.bCreating competitive advantage. a1 bCrisp Publicationsc1998 a96 aMANAGEMENT